Project flexibility, agency, and competition : (Record no. 40357)

MARC details
000 -LEADER
fixed length control field 01608cam a2200349 a 4500
001 - CONTROL NUMBER
control field 1199936
005 - DATE AND TIME OF LATEST TRANSACTION
control field 20060719184945.0
008 - FIXED-LENGTH DATA ELEMENTS--GENERAL INFORMATION
fixed length control field 980901s1999 nyua b 001 0 eng
010 ## - LIBRARY OF CONGRESS CONTROL NUMBER
LC control number 98040655
020 ## - INTERNATIONAL STANDARD BOOK NUMBER
International Standard Book Number 0195112695 (alk. paper)
035 ## - SYSTEM CONTROL NUMBER
System control number (DLC) 98040655
040 ## - CATALOGING SOURCE
Original cataloging agency DLC
Transcribing agency DLC
Modifying agency DLC
050 00 - LIBRARY OF CONGRESS CALL NUMBER
Classification number HG4028.C4
Item number P75 2000
082 00 - DEWEY DECIMAL CLASSIFICATION NUMBER
Classification number 658.15/2
Edition number 21
245 00 - TITLE STATEMENT
Title Project flexibility, agency, and competition :
Remainder of title new developments in the theory and application of real options /
Statement of responsibility, etc edited by Michael J. Brennan, Lenos Trigeorgis.
260 ## - PUBLICATION, DISTRIBUTION, ETC. (IMPRINT)
Place of publication, distribution, etc New York :
Name of publisher, distributor, etc Oxford University Press,
Date of publication, distribution, etc c2000.
300 ## - PHYSICAL DESCRIPTION
Extent viii, 357 p. ;
Other physical details ill. ;
Dimensions 25 cm.
504 ## - BIBLIOGRAPHY, ETC. NOTE
Bibliography, etc Includes bibliographical references and index.
650 #0 - SUBJECT ADDED ENTRY--TOPICAL TERM
Topical term or geographic name as entry element Capital investments
General subdivision Decision making.
650 #0 - SUBJECT ADDED ENTRY--TOPICAL TERM
Topical term or geographic name as entry element Resource allocation
General subdivision Decision making.
650 #0 - SUBJECT ADDED ENTRY--TOPICAL TERM
Topical term or geographic name as entry element Capital budget.
650 #0 - SUBJECT ADDED ENTRY--TOPICAL TERM
Topical term or geographic name as entry element Corporations
General subdivision Finance.
650 #0 - SUBJECT ADDED ENTRY--TOPICAL TERM
Topical term or geographic name as entry element Options (Finance)
700 1# - ADDED ENTRY--PERSONAL NAME
Personal name Brennan, Michael J.
Titles and other words associated with a name ed.
700 1# - ADDED ENTRY--PERSONAL NAME
Personal name Trigeorgis, Lenos.
Titles and other words associated with a name ed.
856 42 - ELECTRONIC LOCATION AND ACCESS
Materials specified Publisher description
Uniform Resource Identifier <a href="http://www.loc.gov/catdir/enhancements/fy0604/98040655-d.html">http://www.loc.gov/catdir/enhancements/fy0604/98040655-d.html</a>
856 41 - ELECTRONIC LOCATION AND ACCESS
Materials specified Table of contents only
Uniform Resource Identifier <a href="http://www.loc.gov/catdir/enhancements/fy0604/98040655-t.html">http://www.loc.gov/catdir/enhancements/fy0604/98040655-t.html</a>
906 ## - LOCAL DATA ELEMENT F, LDF (RLIN)
a 7
b cbc
c orignew
d 1
e ocip
f 19
g y-gencatlg
942 ## - ADDED ENTRY ELEMENTS (KOHA)
Source of classification or shelving scheme Library of Congress Classification
Item type Book
Holdings
Withdrawn status Lost status Source of classification or shelving scheme Damaged status Not for loan Collection code Home library Current library Shelving location Date acquired Source of acquisition Total Checkouts Total Renewals Full call number Barcode Date last borrowed Copy number Price effective from Koha item type
    Library of Congress Classification     Non-fiction Nairobi Campus Nairobi Campus General Circulation 13/02/2012 Donation 1 1 HG4028.C4 P75 2000 030541 11/04/2014 1 13/02/2012 Book